000 01807cam a2200469 i 4500
001 21565984
005 20260606133024.0
008 200616t20202020ii a b 000 0 eng d
010 _a 2020940633
020 _a9789353884956
_qpaperback
020 _a9353884950
_qpaperback
035 _a21565984
035 _a(OCoLC)1175675387
040 _aYDX
_beng
_cYDX
_erda
_dBDX
_dDKAGE
_dOCLCO
_dOCLCF
_dYDX
_dDLC
042 _alccopycat
043 _aa-ii---
050 0 0 _aHG3289.I4
_bA24 2020
082 0 4 _a332.10954
100 1 _aAcharya, Viral V.,
_eauthor.
245 1 0 _aQuest for restoring financial stability in India /
_cViral V. Acharya.
264 1 _aNew Delhi, India ;
_aThousand Oaks, California :
_bSAGE Publications,
_c2020.
264 4 _c©2020
300 _alv, 330 pages :
_billustrations ;
_c22 cm
336 _atext
_btxt
_2rdacontent
337 _aunmediated
_bn
_2rdamedia
338 _avolume
_bnc
_2rdacarrier
504 _aIncludes bibliographical references.
648 7 _a2000-2099
_2fast
650 0 _aBanks and banking
_zIndia.
650 0 _aBanks and banking
_xGovernment policy
_zIndia.
650 7 _aBanks and banking.
_2fast
_0(OCoLC)fst00826867
650 7 _aBanks and banking
_xGovernment policy.
_2fast
_0(OCoLC)fst00826934
650 7 _aEconomic history.
_2fast
_0(OCoLC)fst00901974
650 7 _aEconomic policy.
_2fast
_0(OCoLC)fst00902025
651 0 _aIndia
_xEconomic policy
_y21st century.
651 0 _aIndia
_xEconomic conditions
_y21st century.
651 7 _aIndia.
_2fast
_0(OCoLC)fst01210276
856 _uhttps://sk.sagepub.com/books/quest-for-restoring-financial-stability-in-india
_yRead SAGE E-Book
906 _a7
_bcbc
_ccopycat
_d2
_encip
_f20
_gy-gencatlg
942 _2ddc
_cEBOOK
999 _c44738
_d44738